000 01391cam a2200325 i 4500
001 18259671
003 NUST - PNEC
005 20170116181203.0
008 140808t20162016mau b 001 0 eng
010 _a 2014031642
020 _a9781284056327 (hbk.)
020 _a1284056325 (hbk.)
040 _aDLC
_beng
_cLIBRARY
_erda
_dDLC
042 _apcc
050 0 0 _aQA39.3
_b.Z55 2016
082 0 0 _a512.1 ZIL
_223
100 1 _aZill, Dennis G.,
_d1940-
_eauthor.
245 1 0 _aEssentials of precalculus with calculus previews /
_cDennis G Zill, Loyola Marymount University, Jacqueline M. Dewar, Loyola Marymount University.
250 _aSixth edition.
260 _aU.S.A.
_bJhones & Battlets learning;
_cc2016.
300 _axvi, 454 pages :
_bcolor illustrations ;
_c29 cm.
490 0 _aJones & Bartlett Learning international series in mathematics
504 _aIncludes bibliographical references and index.
650 0 _aPrecalculus
_vTextbooks.
_xME
700 1 _aDewar, Jacqueline M.,
_eauthor.
856 _uhttp://www.amazon.com/Essentials-Precalculus-Calculus-Previews-Mathematics/dp/1284056325/ref=sr_1_1?s=books&ie=UTF8&qid=1455785381&sr=1-1&keywords=9781284056327
906 _a7
_bcbc
_corignew
_d1
_eecip
_f20
_gy-gencatlg
942 _2ddc
_cBK
999 _c71527
_d71527